Mesdames Vous vous appelez...vous portez le prénom le plus donné en... - Statistiques

Statistiques générales
  • Ce quiz a été pris 46 fois
  • Le résultat moyen est 5 sur 19
Statistiques - réponses
Hint Réponse % Correct
Marie De 1900 à 1954 et de 1956 à 1958
70%
Jade En 2014 2020 et 2021
59%
Louise En 2015
41%
Céline De 1978 à 1981
38%
Sylvie De 1961 à 1964
32%
Emma De 2005 à 2013 et de 2016 à 2019
32%
Nathalie De 1965 à 1971
30%
Aurélie De 1982 à 1986
27%
Léa De 1997 à 2004
27%
Stéphanie De 1974 à 1977
22%
Elodie De 1988 à 1990
22%
Julie En 1987
19%
Brigitte En 1959
16%
Laura De 1992 à 1994
14%
Marine En 1991
14%
Manon De 1995 à 1996
11%
Catherine En 1960
11%
Sandrine En 1972-1973
11%
Martine En 1955
8%
Aucun quiz correspondant
Distribution des résultats
% des personnes avec chaque résultat
Percentile par nombre de réponses
Votre historique - résultats
Vous n’avez pas pris ce quiz